000 00431nam a2200145Ia 4500
008 151213s9999 xx 000 0 und d
100 _aVern Terpstra & Kenneth David
245 _aThe Cultural Environment International Business
_cVern Terpstra & Kenneth David
250 _a3rd
260 _aU S A
_bSuoth Western
_c1991
300 _a2910 p.
650 _aReference
700 _aVern Terpstra & Kenneth David
999 _c1997
_d1997